| 000 | 00639cam a22002291 4500 | ||
|---|---|---|---|
| 001 | sa 67003121 | ||
| 003 | DLC | ||
| 005 | 20260227112335.0 | ||
| 008 | 711209s1966 xx 000 0 eng | ||
| 010 | _asa 67003121 | ||
| 035 | _a(OCoLC)180816 | ||
| 040 |
_aDLC _cOO _dViRCU _dOCoLC _dDLC |
||
| 042 | _apremarc | ||
| 050 | 0 | 0 |
_aBL1478.5.B8 _bM28 1966 |
| 100 | 1 | _aBhaṭṭācāryyeṇa, Tārāpada. | |
| 245 | 1 | 4 | _aThe Bodhgayā temple. |
| 250 | _a[2d ed.] | ||
| 260 |
_aCalcutta, _bFirma K.L. Mukhopadhyay, _c1966. |
||
| 300 |
_avi, 40, [2]p. _billus. _c22cm. |
||
| 504 | _aBibliography: p.[41]-[42] | ||
| 650 | 0 | _aBuddha Gaya Temple. | |
| 999 |
_c73638 _d73638 |
||